Los reinos de taifas, un siglo de oro en la cultura hispanomusulmana (Record no. 13774)

MARC details
000 -LEADER
campo de control de longitud fija 00984nam a2200265 i 4500
001 - NÚMERO DE CONTROL
campo de control 13774
003 - IDENTIFICADOR DE NÚMERO DE CONTROL
campo de control ES-MaACL
005 - FECHA Y HORA DE LA ÚLTIMA TRANSACCIÓN
campo de control 20251002204024.0
007 - CAMPO FIJO DE DESCRIPCIÓN FÍSICA--INFORMACIÓN GENERAL
campo de control de longitud fija t|
008 - DATOS DE LONGITUD FIJA--INFORMACIÓN GENERAL
campo de control de longitud fija 971204s1997 sp ||||0| spa j
020 ## - NÚMERO INTERNACIONAL ESTÁNDAR DEL LIBRO
Número Internacional Estándar del Libro 84-8004-238-9
080 ## - NÚMERO DE LA CLASIFICACIÓN DECIMAL UNIVERSAL
Número de la Clasificación Decimal Universal 930.85(460=411.21)(082.2)
080 ## - NÚMERO DE LA CLASIFICACIÓN DECIMAL UNIVERSAL
Número de la Clasificación Decimal Universal 929 García Gómez, Emilio
245 04 - MENCIÓN DEL TÍTULO
Título Los reinos de taifas, un siglo de oro en la cultura hispanomusulmana
Resto del título : ciclo de conferencias "in memoriam" de D. Emilio García Gómez.
260 ## - PUBLICACIÓN, DISTRIBUCIÓN, ETC.
Lugar de publicación, distribución, etc. Madrid :
Nombre del editor, distribuidor, etc. Centro de Estudios Ramón Areces,
Fecha de publicación, distribución, etc. D.L. 1997.
300 ## - DESCRIPCIÓN FÍSICA
Extensión 136 p ;
Dimensiones 25 cm.
500 ## - NOTA GENERAL
Nota general En port.: Real Academia de la Historia.
600 14 - PUNTO DE ACCESO ADICIONAL DE MATERIA--NOMBRE DE PERSONA
Nombre de persona García Gómez, Emilio,
Fechas asociadas al nombre 1905-1995-
Subdivisión de forma Homenajes
9 (RLIN) 54691
651 #4 - PUNTO DE ACCESO ADICIONAL DE MATERIA--NOMBRE GEOGRÁFICO
Nombre geográfico Al-Andalus-
Subdivisión general Civilización.
9 (RLIN) 7608
700 1# - ENTRADA AGREGADA--NOMBRE PERSONAL
Nombre de persona García Gómez, Emilio,
Fechas asociadas al nombre 1905-1995
9 (RLIN) 54690
710 2# - ENTRADA AGREGADA--NOMBRE DE ENTIDAD CORPORATIVA
Nombre de entidad corporativa o nombre de jurisdicción como elemento de entrada Real Academia de la Historia (España)
9 (RLIN) 6309
710 2# - ENTRADA AGREGADA--NOMBRE DE ENTIDAD CORPORATIVA
Nombre de entidad corporativa o nombre de jurisdicción como elemento de entrada Fundación Ramón Areces
9 (RLIN) 4401
852 ## - LOCALIZACIÓN
Ubicación ES-MaACL
Número de control de estantería L-21196
Holdings
Estatus retirado Estado de pérdida Estado de daño No para préstamo Biblioteca de origen Biblioteca actual Ubicación en estantería Fecha de adquisición Fuente de adquisición Total de préstamos Signatura topográfica completa Código de barras Visto por última vez Precio de reemplazo Tipo de ítem Koha
        Biblioteca del Ateneo de Madrid Biblioteca del Ateneo de Madrid Depósito 2 17/01/2008     L-21196 1014018 23/02/2023 23/02/2023 Libro impreso